| 000 | 01006nam a2200253 a 4500 | ||
|---|---|---|---|
| 001 | 78413 | ||
| 003 | BD-RjUL | ||
| 005 | 20211209083127.0 | ||
| 008 | 210919s1981 bg ||||| |||| 00| 0 ben d | ||
| 035 | _a(BD-RjUL)78639 | ||
| 040 |
_aBD-RjUL _beng _cBD-RjUL |
||
| 041 | _aeng | ||
| 082 |
_223 _a339.46 _bGAG 1981 |
||
| 100 |
_aগলব্রেথ, জন কেনেথ _9248159 |
||
| 245 |
_aগণ-দারিদ্র্যের প্রকৃতি / _cজন কেনেথ গলব্রেথ ; অনুবাদ : আবদুল্লাহ ফারুক |
||
| 260 |
_aঢাকা : _bকামালউদ্দিন আহমদ, _c১৯৮১ |
||
| 300 |
_a৮৫ পৃ.; _c২২ সেমি. |
||
| 650 |
_aদারিদ্র্য _9211095 |
||
| 650 |
_aPoverty _9248160 |
||
| 650 |
_aউন্নয়নশীল দেশ _9248161 |
||
| 650 |
_aDeveloping countries _9248162 |
||
| 700 |
_aফারুক, আবদুল্লাহ _9248170 |
||
| 942 |
_2ddc _cBK |
||
| 999 |
_c78413 _d78413 |
||